| 000 | 01102nam a2200289Ia 4500 | ||
|---|---|---|---|
| 001 | ebr10602127 | ||
| 003 | CaPaEBR | ||
| 006 | m u | ||
| 007 | cr cn||||||||| | ||
| 008 | 111102s2012 at s 001 0 eng d | ||
| 020 | _z9780730377191 | ||
| 020 | _z9780730377207 | ||
| 040 |
_aCaPaEBR _cCaPaEBR |
||
| 035 | _a(OCoLC)815477008 | ||
| 050 | 1 | 4 |
_aLB1029.A22 _bH36 2012eb |
| 100 | 1 | _aHandley, Bill. | |
| 245 | 1 | 0 |
_aSpeed learning for kids _h[electronic resource] : _bthe must-have brain-training tools to succeed at school / _cBill Handley. |
| 260 |
_aMilton, Qld. : _bWrightbooks, _c2012. |
||
| 300 | _axiv, 168 p. | ||
| 500 | _aIncludes index. | ||
| 533 |
_aElectronic reproduction. _bPalo Alto, Calif. : _cebrary, _d2011. _nAvailable via World Wide Web. _nAccess may be limited to ebrary affiliated libraries. |
||
| 650 | 0 | _aSpeed reading. | |
| 650 | 0 | _aEducational acceleration. | |
| 655 | 7 |
_aElectronic books. _2local |
|
| 710 | 2 | _aebrary, Inc. | |
| 856 | 4 | 0 |
_uhttp://site.ebrary.com/lib/rucke/Doc?id=10602127 _zAn electronic book accessible through the World Wide Web; click to view |
| 999 |
_c98904 _d98904 |
||